| 000 | 00583nam a2200193Ia 4500 | ||
|---|---|---|---|
| 003 | LDD | ||
| 008 | 181029s9999 xx 000 0 und d | ||
| 020 |
_a9780670999491 _c595.00 |
||
| 040 | _cLDD | ||
| 100 | _aGupta, Shekhar | ||
| 245 | 0 |
_aIndia empowered _bchange agent speak on an idea whose time has come _cShekhar Gupta |
|
| 260 |
_aNew Delhi _bPenguin Group _c2006 |
||
| 300 | _axx, 379p. | ||
| 365 | _b595.00 | ||
| 901 |
_a4121 _b21-01-2008 |
||
| 902 |
_aI-1081 _b16-02-2008 _cF _dAAKAR _e32 |
||
| 903 |
_aDiscount-15 _bReqst by : D. Gopal |
||
| 942 |
_2ddc _cBK |
||
| 999 |
_c80000 _d80000 |
||